• 首页
  • 本馆介绍
  • 公告通知
  • 最新文献
  • 馆藏检索
  • 电子资源
  • 读者导购
  • 参考咨询
  • 我的图书馆
  • 登录
  • 详细信息显示
  • 放入我的书架
  • 预约/预借图书
  • 作者相关作品
  • 分类相关作品
  • 丛书相关作品
  • 出版社相关作品

书目信息

  • 表格格式
  • 工作单格式
  • 卡片格式
题名:
涂装设备简明设计手册
    
 
作者: 赵光麟 主编
分册:  
出版信息: 北京   化学工业出版社  2012.2
页数: 160页
开本: 26cm
丛书名:
单 册:
中图分类: TQ639.3-62
科图分类:
主题词: 涂漆--化工设备--技术手册 , 涂漆 , 化工设备
电子资源:
ISBN: 978-7-122-13113-3
000 01015nam0 2200253 45
001 1360104656
005 20130530155135.64
010    @a978-7-122-13113-3@dCNY50.00
100    @a20130513d2012 em y0chiy50 ea
101 0  @achi
102    @aCN@b110000
105    @aa z 000yy
106    @ar
200 1  @a涂装设备简明设计手册@ATu Zhuang She Bei Jian Ming She Ji Shou Ce@f赵光麟主编@FZhao Guang Lin Zhu Bian
210    @a北京@c化学工业出版社@d2012.2
215    @a160页@c图@d26cm
330    @a本书主要讲述了涂装生产线的工艺设计、非标准设备的设计及相关配套设备的选择、生产线的输送系统及电控系统等。工艺设计介绍了不同的产品、不同的生产纲领、不同的质量要求,如何正确制定工艺方案及绘制工艺平面布置图。非标准设备的设计介绍了预处理、电泳、各种喷涂室、烘干室的结构及各种工艺参数的计算。
606 0  @a涂漆@x化工设备@j技术手册
606 0  @a涂漆
606 0  @a化工设备
690    @aTQ639.3-62@v5
701  0 @a赵光麟@AZhao Guang Lin@4主编
801    @aCN@bTANGWEI@c20130523
905    @b0834347-49@dTQ639.3-62@e38@f3
    
    涂装设备简明设计手册/赵光麟主编.-北京:化学工业出版社,2012.2
    160页:图;26cm
    
    
    ISBN 978-7-122-13113-3:CNY50.00
    本书主要讲述了涂装生产线的工艺设计、非标准设备的设计及相关配套设备的选择、生产线的输送系统及电控系统等。工艺设计介绍了不同的产品、不同的生产纲领、不同的质量要求,如何正确制定工艺方案及绘制工艺平面布置图。非标准设备的设计介绍了预处理、电泳、各种喷涂室、烘干室的结构及各种工艺参数的计算。
●
相关链接 在E读中查询图书 在五车中查询图书 在当当中查询图书 在豆瓣中查询图书


正题名:涂装设备简明设计手册     索取号:TQ639.3-62/38         预约/预借

序号 登录号 条形码 馆藏地/架位号 状态 备注
1 0834347   208343470   第二样本阅览室/ [索取号:TQ639.3-62/38] 在馆    
2 0834348   208343489   第三借阅区/ [索取号:TQ639.3-62/38] 在馆    
3 0834349   208343498   第三借阅区/ [索取号:TQ639.3-62/38] 在馆    
唐山师范学院图书馆 欢迎您!
大连网信软件有限公司© 版权所有